| 000 | 00445nam a2200157 4500 | ||
|---|---|---|---|
| 001 | 144146 | ||
| 003 | ES-MaACL | ||
| 005 | 20230906200944.0 | ||
| 007 | t| | ||
| 008 | 070214s1963 gw r ||||1| ger d | ||
| 100 | 1 |
_aSieburg, Friedrich. _9106217 |
|
| 245 | 1 | 0 |
_aRevolution im unsichtbaren / _cFriedrich Sieburg. |
| 260 |
_aDüsseldorf : _bGmbh, _c1963. |
||
| 300 |
_a31 h., 36 lám. : _bil. ; _c31 cm. |
||
| 852 |
_aES-MaACL _jC-42181 _bR.74305 |
||
| 999 |
_c144146 _d144146 |
||